| 000 | 00388 a2200157 4500 | ||
|---|---|---|---|
| 082 | _a629.13252019 PAM | ||
| 090 |
_c39976 _d39976 |
||
| 100 | _aPamela S Tsang | ||
| 245 | _aPrinciples and Practice of Aviation Psychology | ||
| 250 | _a1st | ||
| 260 | _aUSA | ||
| 300 | _axxviii 596 | ||
| 500 | _aDOS BS Textbooks | ||
| 505 | _aGifted Books | ||
| 942 |
_acaenust _cBS _k629.13252019 PAM |
||
| 999 |
_c474703 _d474703 |
||